000 02661nam a2200325 i 4500
001 000043838
003 DO-SdBNP
005 20241206085813.0
007 ta
008 140506s2003 dr a r 001 0 spa d
040 _aDO-SdBNP
_bspa
_cBNPHU
041 _aspa
082 4 _a362.8292
_bR426m 2003
_222
110 1 _aRepública Dominicana.
_bSecretaría de Estado de la Mujer
_938238
245 0 0 _aModelo nacional para la prevención y atención de la violencia intrafamiliar.
250 _a2a. ed.
264 1 _aSanto Domingo :
_bSecretaría de Estado de la Mujer,
_c2003.
300 _a80 páginas :
_bilustraciones, tablas ;
_c28 cm.
336 _atexto
_btxt
_2rdacontent
337 _asin mediación
_bn
_2rdamedia
338 _avolumen
_bnc
_2rdacarrier
500 _aPrimera y segunda jornada de trabajo 25-26, 31 de mayo 2001 respectivamente.
505 0 _aIntroducciones involucradas en el modelo --
_tPresentación --
_tIntroducción --
_tMarco conceptual del modelo de atención --
_tUn enfoque conceptual común que facilite sentir, prevenir y enfrentar la violencia intrafamiliar --
_tLa violencia en las familias --
_tTipos de violencia intrafamiliar contra personas menores de edad --
_tViolencia y los ciclos vitales de agresión, los ciclos de la violencia --
_tEl impacto de la violencia intrafamiliar en la vida de las personas afectadas --
_tNo enfrentar el problema de la violencia intrafamiliar implica grandes costos para la sociedad -- El modelo nacional de prevención --
_tPrincipios orientadores del modelo de prevención y atención de la violencia intrafamiliar --
_tVisión estratégica del modelo --
_tObjetivos del método --
_tPoblación meta del modelo --
_tDefinición de atención integral a la violencia intrafamiliar que se promueve en este modelo --
_tCaracterísticas de la atención integral a la violencia intrafamiliar que se promueve en este modelo --
_tTareas fundamentales de la atención a la violencia intrafamiliar en el marco de este modelo --
_tImplementación del modelo nacional de prevención y atención --
_tPropuesta de organización para el abordaje de los conflictos --
_tOrganización del modelo de prevención y atención --
_tEstructura macro del modelo --
_tEstructura micro del modelo --
_tAlgunas tareas que pueden ayudar a consolidar y garantizar la permanencia del modelo.
590 _aInventariado, 2018/BT
650 7 _aViolencia familiar
_zRepública Dominicana
_971703
_2LEMB
650 7 _aFamilias con problemas
_zRepública Dominicana
_911762
_2LEMB
710 1 _aRepública Dominicana.
_bSecretaría de Estado de la Mujer
_938238
910 _aValidado. Control de calidad. EMS
942 _2ddc
_cLBS1
999 _c43327
_d43327